Sämmtliche Werke von Fritz Reuter : (Rekord nr 49442)
| 000 -ETYKIETA REKORDU | |
|---|---|
| podpole kontrolne o stałej długości | 00536nam a2200181 i 4500 |
| 001 - NUMER KONTROLNY REKORDU | |
| pole kontrolne | bgj |
| 040 ## - ŹRÓDŁO KATALOGOWANIA | |
| Instytucja, która utworzyła rekord | BPK |
| 041 0# - KOD JĘZYKA | |
| Kod języka tekstu | ger |
| 044 ## - KOD KRAJU WYDAWCY/PRODUCENTA | |
| Kod kraju wydawcy/producenta | DEU |
| 008 - POLE O STAŁEJ DŁUGOŚCI - DANE KONTROLNE | |
| podpole kontrolne o stałej długości | s gw f |000 0 ger |
| 100 1# - NAZWA OSOBOWA | |
| Nazwa osobowa | REUTER, Fritz. |
| 245 10 - TYTUŁ/ODPOWIEDZIALNOŚĆ | |
| Tytuł | Sämmtliche Werke von Fritz Reuter : |
| Ciąg dalszy tytułu | Volks-Ausgabe in 7 Bänden. |
| Pozostałe elementy strefy tytułu i oznaczenia odpowiedzialności | Fritz Reuter. |
| Oznaczenie części/sekcji dzieła | 6. Band / |
| 250 ## - STREFA WYDANIA | |
| Oznaczenie wydania | 3. Aufl. |
| 260 ## - STREFA ADRESU WYDAWNICZEGO | |
| Miejsce wydania | Wismar ; |
| -- | Rostock ; |
| -- | Ludwigslust : |
| Nazwa wydawcy/dystrybutora | Hinstorss'schen Hosbuchhandlung, |
| Data publikacji, dystrybucji/powstania dokumentu | 1878. |
| 300 ## - STREFA OPISU FIZYCZNEGO | |
| Objętość | 396 s. ; |
| Inne cechy fizyczne | 18 cm.9 |
| 650 ## - HASŁO PRZEDMIOTOWE W FORMIE NAZWY OGÓLNEJ LUB JEDNOSTKOWEJ | |
| Nazwa ogólna lub geograficzna | Powieść niemiecka |
| 942 ## - DODATKOWE ELEMENTY (KOHA) | |
| Typ dokumentu | Książka |
| Wycofany | Status egzemplarza | Uszkodzony | Ograniczenia udostępniania | Dostępność | Kolekcja | Lokalizacja stała | Lokalizacja bieżąca | Miejsce przechowywania | Sygnatura | Kod kreskowy | Typ dokumentu | Uwaga przeznaczona na użytek publiczny |
|---|---|---|---|---|---|---|---|---|---|---|---|---|
| Dostęp zastrzeżony | Tylko na miejscu | Bibliotekarstwo | Biblioteka Politechniki Koszalińskiej | Biblioteka Politechniki Koszalińskiej | Zbiory Wewnętrzne | N 1121 | 02435435 | Książka | D5 |
